00595nam a22001931a 450000100060000000300080000600500170001400800410003103500190007204000360009104100080012708200270013524501040016226000380026630000290030465000150033365000160034870000370036467276BD-RjUL20211209081631.0850102s1963 nyua 100 0 eng  a(BD-RjUL)67407 aDLC/ICUcICUdDLCdBD-RjULbeng aeng00223a539.7215bWEA 196310aWeak interactions, and topics in dispersion physics :blecture notes /cChristian Fronsdal, editor. aNew York :bW.A. Benjamin,c1963. a269 p. :bill. ;c24 cm. 0aNeutrinos. 0aDispersion.1 aFronsdal, Christian,d1931-eed.